000 00385nam a22001217a 4500
008 230817b |||||||| |||| 00| 0 eng d
020 _a978-3639003918
050 _aRJ499
_b.F36 2008
100 _aFanti, Kostas Andrea
245 _aDevelopment and Co-development of Aggressive and Depressive Psychopathology :
_bInfancy to early adolescence
300 _aviii, 114p.
942 _2lcc
_cBK
999 _c20245
_d20244